002260000a2200073000450024500730000004100140007310000260008777300390011310aAdiciones a la avifauna del Parque Nacional Natural Munchique, Cauca0 aEspañol1 aNegret, Alvaro josé1 tNovedades Colombianash7q88d1997